Cukorfogyasztási szokások az élsportolók körében

Bibliográfiai részletek
Szerző: Hollósi Barbara
További közreműködők: Fekete-Frojimovics Dr. Zsófia
Dokumentumtípus: Diplomadolgozat
Kulcsszavak:cukorfogyasztás
sport
diéta
cukor
egészség
Online Access:http://dolgozattar.uni-bge.hu/10068

MARC

LEADER 00000nta a2200000 i 4500
001 dolg10068
005 20170830123439.0
008 170502suuuu hu om 000 hun d
040 |a BGE Dolgozattár Repozitórium  |b hun 
041 |a hu 
100 1 |a Hollósi Barbara 
245 1 0 |a Cukorfogyasztási szokások az élsportolók körében  |c Hollósi Barbara  |h [elektronikus dokumentum] 
695 |a cukorfogyasztás 
695 |a sport 
695 |a diéta 
695 |a cukor 
695 |a egészség 
700 1 |a Fekete-Frojimovics Dr. Zsófia  |e ths 
856 4 0 |u http://dolgozattar.uni-bge.hu/10068/1/szakdogav%C3%A9gleg.pdf  |z Dokumentum-elérés